000 00648nam a22002057a 4500
005 20220716130308.0
008 220716b ||||| |||| 00| 0 eng d
040 _cAL
041 _aEnglish
082 _223
_a338.9
_bGURE
100 _aMohan Guruswamy and others
_950423
245 _aEconomic Growth and Development in West Bengal: Reality Versus Perception
260 _aNew Delhi
_bCentre For Policy Alternatives
300 _a44 p.
_bPB
_c21.5x13.5 cm.
650 _aEconomic Development
_950424
700 _aGURUSWAMY (Mohan)
_950425
700 _aSHARMA (Kamal)
_950426
700 _aMOHANTY (Jeevan Prakash)
_950427
942 _2ddc
_cGF
999 _c223885
_d223885